UBT Library

Physical assessment of the newborn : (Record no. 40951)

000 -LEADER
fixed length control field 00816cam a22002414a 4500
001 - CONTROL NUMBER
control field 12861078
005 - DATE AND TIME OF LATEST TRANSACTION
control field 20180125074234.0
008 - FIXED-LENGTH DATA ELEMENTS--GENERAL INFORMATION
fixed length control field 020719s2003 caua b 001 0 eng
010 ## - LIBRARY OF CONGRESS CONTROL NUMBER
LC control number 2002029543
020 ## - INTERNATIONAL STANDARD BOOK NUMBER
International Standard Book Number 1887571094
040 ## - CATALOGING SOURCE
Original cataloging agency DLC
Transcribing agency DLC
Modifying agency DLC
041 ## - LANGUAGE CODE
Language code of text/sound track or separate title eng
042 ## - AUTHENTICATION CODE
Authentication code pcc
080 ## - UNIVERSAL DECIMAL CLASSIFICATION NUMBER
Universal Decimal Classification number 618.9201 TAP
082 00 - DEWEY DECIMAL CLASSIFICATION NUMBER
Classification number 618.9201 TAP
Edition number 21
100 ## - Rafti
Rafti 7
101 ## - Shkurtesa
Shkurtesa ANA
245 00 - TITLE STATEMENT
Title Physical assessment of the newborn :
Statement of responsibility, etc Ellen P. Tappero, Mary Ellen Honeyfield, [editors].
504 ## - BIBLIOGRAPHY, ETC. NOTE
Bibliography, etc Includes bibliographical references and index.
906 ## - LOCAL DATA ELEMENT F, LDF (RLIN)
a 7
b cbc
c orignew
d 1
e ocip
f 20
g y-gencatlg
942 ## - ADDED ENTRY ELEMENTS (KOHA)
Source of classification or shelving scheme
Item type Books
Holdings
Withdrawn status Lost status Source of classification or shelving scheme Damaged status Not for loan Collection code Permanent location Current location Shelving location Date acquired Total Checkouts Full call number Barcode Date last seen Price effective from Koha item type
          Koleksioni i përgjithshem UBT - Lipjan UBT - Lipjan Koleksioni i përgjithshem 01/25/2018   618.9201 TAP 002-2996531 01/25/2018 01/25/2018 Books
UBT Library © 2015-2024. All rights reserved University Education for Business and Technology